000 01297cam a22003617a 4500
003 CHAP
005 20220329133426.0
008 971013s1992 r 00010 d
010 _a6250
011 _a7222
035 _a6445
040 _cCHAP
090 _aTesis
100 0 0 _aContreras Pérez, Claudio Antonio.
_927527
245 0 _aEstudio para la conservación del suelo y agua de la microcuenca Barranca la Guerra, Uruapán, Michoacán
260 _aChapingo, Méx. :
_bEl autor,
_c1992
300 _a105 h.
_b; gráfs. ; mapas
502 _aTesis (Ing. Agr. Esp. en Suelos) -- UACH. Departamento de Suelos
590 _aALEPH
_b10
_c20130110
_lUCH01
_h1217
590 _aBATCH-UPD
_b10
_c20130110
_lUCH01
_h0018
590 _aBATCH-UPD
_b10
_c20130110
_lUCH01
_h2253
590 _aBATCH-UPD
_b10
_c20130409
_lUCH01
_h1956
590 _aBATCH-UPD
_b10
_c20130410
_lUCH01
_h1547
590 _aBATCH-UPD
_b10
_c20130913
_lUCH01
_h2239
590 _aBATCH-UPD
_b10
_c20130914
_lUCH01
_h2007
590 _aCONVERSION
_b10
_c20130109
_lUCH01
_h1305
650 1 4 _aAgua
_xConservación
_xMichoacán.
_92329
650 1 4 _aErosión
_xPrevención y control.
_937337
650 1 4 _aSuelos
_xConservación
_xMichoacán.
_9110305
901 _aBK
942 _cTESIS
949 _bBC
_cTES
_d-16046
_eTS1
_h25521
_i6445
_si
999 _c6250
_d6250